000 00458 a2200157 4500
003 OSt
005 20240208105428.0
008 240208b |||||||| |||| 00| 0 eng d
020 _a9781626862494
040 _coclc
082 _a793.73
_bTHU/E
245 _aExtereme spot the difference wonders of the world /
260 _aSan Diego:
_bTaylor Publishing Group,
300 _a176P.
942 _2ddc
_cBK
_h793.73
_iTHU/E
_k793.73
_mTHU/E
999 _c44379
_d44379